| 000 | 00612nam a2200217 a 4500 | ||
|---|---|---|---|
| 001 | BRL_99 | ||
| 005 | 20190320210604.0 | ||
| 008 | 111012s1971----mx-a######---#000-0#spa-# | ||
| 041 | _aspa | ||
| 044 | _amx | ||
| 050 | 4 |
_aPQ7539.2 _b.S47 1971 |
|
| 100 | 1 |
_aSerpas, Lilian, _d1905-1985 _922909 |
|
| 245 | 1 | 0 |
_aProyección a la nada _bPoesía _cLilian Serpas. |
| 260 |
_aMéxico _bB. Costa-Amic _c1971 |
||
| 300 |
_a70 p. _bil. _c21 cm. |
||
| 500 | _aIncluye dedicatoria para Ruth de la autora, Mex./II/72 | ||
| 500 | _aAu123 | ||
| 650 | 1 | 4 |
_aPoesía salvadoreña _ySiglo XX _922910 |
| 902 | _aGRL | ||
| 942 |
_2lcc _cB |
||
| 999 |
_c8912 _d8912 |
||